成灌铁路及支线所有车站 Chengdu-Dujiangyan intercity railway stations - Statistics

General Stats
  • This quiz has been taken 23 times
  • The average score is 12 of 21
Answer Stats
线路 县区 车站 % Correct
成灌铁路 金牛区 成都(改造中)
100%
成灌铁路 郫都区 犀浦
94%
成灌铁路 都江堰市 都江堰
88%
成灌铁路 郫都区 郫县
82%
离堆公园线 都江堰市 离堆公园
82%
成灌铁路 郫都区 安靖
76%
郫彭线 彭州市 彭州
76%
成灌铁路 郫都区 郫县西
71%
成灌铁路 都江堰市 青城山
71%
成灌铁路 郫都区 犀浦东(关闭)
59%
成灌铁路 郫都区 红光镇
53%
郫彭线 彭州市 步行街
53%
成灌铁路 郫都区 郫县东(缓开)
47%
郫彭线 彭州市 彭州南
47%
离堆公园线 都江堰市 迎宾路
41%
郫彭线 郫都区 三道堰(缓开)
35%
成灌铁路 郫都区 安德
29%
成灌铁路 都江堰市 聚源(缓开)
29%
离堆公园线 都江堰市 李冰广场(缓开)
24%
郫彭线 郫都区 新民场(缓开)
24%
郫彭线 郫都区 马街(缓开)
12%
No matching quizzes found
Score Distribution
Percent of People with Each Score
Percentile by Number Answered
Your Score History
You have not taken this quiz